000 00461nam a2200193Ia 4500
005 20240823020508.0
008 240823s9999||||xx |||||||||||||| ||und||
020 _a0-07-048283-7
041 _aENGLISH
082 _A650.01310 P3
100 _aBeri G C
245 0 _aStatistics for Management
250 _a1st
260 _c2003
_b"Tata Mcgraw Hill,New "
500 _aYES
650 _aStatistics
_bManagement Studies
942 _cBK
999 _c174887
_d174887